000 00214nam a22000857a 4500
008 170215b xxu||||| |||| 00| 0 eng d
100 _92874
_aCBSE
245 _aScience Activity Book-VIII
260 _aNew Delhi
_bCBSE
_c2009
999 _c6099
_d6099